[Event "38th Olympiad"]
[Site "Dresden GER"]
[Date "2008.11.22"]
[Round "9"]
[White "San Segundo Carrillo,P"]
[Black "AlHuwar,J"]
[Result "1-0"]
[WhiteElo "2564"]
[BlackElo "2230"]

1.d4 Nf6 2.c4 e6 3.Nc3 Bb4 4.Nf3 O-O 5.Bg5 d5 6.e3 h6 7.Bh4 c5 8.cxd5 exd5
9.dxc5 Be6 10.Rc1 Nbd7 11.Be2 Rc8 12.O-O Bxc5 13.Qd3 Be7 14.Rfd1 Qb6 15.Qb1 Rfd8
16.h3 Nc5 17.Nd4 Rd7 18.Bxf6 Bxf6 19.Na4 Qb4 20.Bb5 Rdc7 21.a3 Qa5 22.b4 Qxa4
23.Bxa4 Nxa4 24.Rxc7 Rxc7 25.Rd2 Nb6 26.Rd1 Na4 27.Ne2 Nc3 28.Nxc3 Rxc3 29.a4 Rc4
30.Qb3 g6 31.b5 d4 32.exd4 Rxd4 33.Qf3 Rxd1+ 34.Qxd1 Kg7 35.Qf3 b6 36.Qg3 Bg5
37.Qc3+ Kh7 38.a5 Bf4 39.a6 Bd6 40.Qc6  1-0

[Event "38th Olympiad"]
[Site "Dresden GER"]
[Date "2008.11.22"]
[Round "9"]
[White "Johannessen,LE"]
[Black "Lenic,L"]
[Result "1/2-1/2"]
[WhiteElo "2545"]
[BlackElo "2569"]

1.d4 Nf6 2.c4 e6 3.Nc3 Bb4 4.Nf3 c5 5.g3 Ne4 6.Qd3 Qa5 7.Qxe4 Bxc3+ 8.Bd2 Bxd2+
9.Nxd2 Qb6 10.dxc5 Qxb2 11.Rb1 Qa3 12.Qd4 O-O 13.Bg2 Na6 14.Ne4 Rb8 15.g4 Qa5+
16.Qd2 Qc7 17.Qd6 Qa5+ 18.Qd2 Qc7 19.Qd6 Qa5+  1/2-1/2

[Event "Bundesliga 2008-9"]
[Site "Munich GER"]
[Date "2008.11.29"]
[Round "5"]
[White "Dinstuhl,V"]
[Black "Bromberger,S"]
[Result "1/2-1/2"]
[WhiteElo "2436"]
[BlackElo "2504"]

1.c4 Nf6 2.Nc3 e6 3.d4 Bb4 4.Nf3 b6 5.Qc2 Bb7 6.a3 Bxc3+ 7.Qxc3 d6 8.b4 a5
9.Bb2 axb4 10.axb4 Rxa1+ 11.Bxa1 Nbd7 12.e3 O-O 13.Be2 Ne4 14.Qc2 Ng5 15.O-O Nxf3+
16.Bxf3 Bxf3 17.gxf3 f5 18.f4 Qh4 19.f3 Nf6 20.d5 Re8 21.dxe6 Rxe6 22.Qd3 Qh5
23.c5 bxc5 24.bxc5 Nd7 25.cxd6 cxd6 26.Rf2 Rg6+ 27.Kh1 h6 28.Qd5+  1/2-1/2

[Event "21st Belgrade Trophy"]
[Site "Obrenovac SRB"]
[Date "2008.11.29"]
[Round "3"]
[White "Stojkovic,Mil SCG"]
[Black "Miladinovic,L"]
[Result "0-1"]
[WhiteElo "2120"]
[BlackElo "1886"]

1.d4 Nf6 2.c4 e6 3.Nf3 Bb4+ 4.Nc3 O-O 5.Bg5 c5 6.e3 cxd4 7.exd4 h6 8.Bxf6 Qxf6
9.Bd3 b6 10.O-O Bb7 11.Ne4 Qd8 12.c5 bxc5 13.Nd6 Bxf3 14.Qxf3 Nc6 15.a3 Nxd4
16.Qe3 Ba5 17.Nb7 Qc7 18.Nxa5 Qxa5 19.b4 Qb6 20.bxc5 Qxc5 21.Rac1 Qd6 22.Rcd1 e5
23.f4 Rae8 24.Qe4 f5 25.Bc4+ Kh8 26.fxe5 fxe4 27.exd6 Rxf1+ 28.Kxf1 Nc2 29.Ke2 Nxa3
30.Bf7 Rf8 31.Bg6 Nb5 32.Ke3 Rf6 33.Bxe4 Rxd6 34.Rb1 Rb6 35.Ra1 a6 36.Rf1  0-1

[Event "Mediterranean Open"]
[Site "Rijeka CRO"]
[Date "2008.11.30"]
[Round "3"]
[White "Sachdev,T"]
[Black "Juranic,B"]
[Result "1-0"]
[WhiteElo "2425"]
[BlackElo "2174"]

1.d4 Nf6 2.c4 e6 3.Nc3 Bb4 4.Nf3 b6 5.Bg5 Bb7 6.e3 O-O 7.Bd3 Bxc3+ 8.bxc3 d6
9.O-O Nbd7 10.Nd2 c5 11.f4 d5 12.e4 dxe4 13.Nxe4 Bxe4 14.Bxe4 Rc8 15.Qe2 Qc7
16.Bd3 cxd4 17.cxd4 Qd6 18.Qb2 Ng4 19.Rf3 h6 20.Bh4 e5 21.h3 e4 22.Bxe4 Ngf6
23.Bd5 Rfe8 24.Re1 Rxe1+ 25.Bxe1 Re8 26.Bb4  1-0

[Event "Open"]
[Site "Figueira da Foz POR"]
[Date "2008.12.02"]
[Round "4"]
[White "Petkov,V"]
[Black "Kovalyov,A"]
[Result "1/2-1/2"]
[WhiteElo "2484"]
[BlackElo "2571"]

1.d4 Nf6 2.c4 e6 3.Nc3 Bb4 4.Nf3 b6 5.Bg5 h6 6.Bh4 g5 7.Bg3 Ne4 8.Rc1 Bb7
9.Nd2 Bxc3 10.bxc3 Nxg3 11.hxg3 d6 12.Qa4+ Qd7 13.Qa3 Qe7 14.e4 Nd7 15.Bd3 c5
16.O-O h5 17.Qa4 Kd8 18.Rfe1 Kc7 19.e5 dxe5 20.Be4 Bxe4 21.Nxe4 f5 22.Nd2 e4
23.Rcd1 Qd6 24.Nb3 Qc6 25.Qa3 Rhd8 26.Qc1 Rg8 27.Qa3 Rgd8 28.Qc1 Rg8  1/2-1/2

[Event "Mediterranean Open"]
[Site "Rijeka CRO"]
[Date "2008.12.02"]
[Round "5"]
[White "Sachdev,T"]
[Black "Berescu,A"]
[Result "1/2-1/2"]
[WhiteElo "2425"]
[BlackElo "2505"]

1.d4 e6 2.c4 Nf6 3.Nc3 Bb4 4.Nf3 b6 5.Bg5 Bb7 6.e3 h6 7.Bh4 g5 8.Bg3 Ne4
9.Qc2 Bxc3+ 10.bxc3 d6 11.Bd3 f5 12.d5 exd5 13.cxd5 Bxd5 14.Nd4 Qf6 15.f3 Nxg3
16.hxg3 Nd7 17.Bxf5 O-O-O 18.Qa4 Rhe8 19.e4 Bb7 20.Kf2 Re5 21.Nc6 Bxc6 22.Qxc6 Kb8
23.Bxd7 Rc5 24.Qa4 Qxc3 25.Bb5 d5 26.Be2 Ra5 27.Qd1 Qc5+ 28.Kf1 Qe7 29.Qc2 Rc5
30.Qd3 dxe4 31.Qxe4 Re5 32.Qc2 Rc5 33.Qe4 Re5 34.Qc2 Rc5 35.Qe4  1/2-1/2

[Event "77th ch-UKR"]
[Site "Poltava UKR"]
[Date "2008.12.04"]
[Round "3"]
[White "Shtanko,D"]
[Black "Solovchuk,A"]
[Result "0-1"]
[WhiteElo "2301"]
[BlackElo "2285"]

1.d4 Nf6 2.c4 e6 3.Nc3 Bb4 4.Nf3 c5 5.g3 O-O 6.Bg2 cxd4 7.Nxd4 a6 8.O-O Qc7
9.Qd3 Be7 10.Rd1 d6 11.b3 Nbd7 12.Bb2 Ne5 13.Qc2 Bd7 14.Rd2 Rac8 15.a4 Rfd8
16.Rad1 Qb8 17.Qb1 Bc6 18.e4 Be8 19.h3 Qa7 20.a5 h5 21.Qa1 h4 22.g4 Qc5 23.Nce2 g5
24.Nc2 Nfd7 25.Ne1 b5 26.Ba3 b4 27.Bc1 Qc7 28.Nd3 Nxd3 29.Rxd3 Nc5 30.Re3 Nb7
31.Bd2 Qc5 32.Nc1 Nxa5 33.Nd3 Qb6 34.Nxb4 Rc5 35.Qa2 Bf6 36.Nd3 Qxb3 37.Qxb3 Nxb3
38.Nxc5 Nxc5 39.Bc3 Bxc3 40.Rxc3 e5 41.Rf3 Kg7 42.Rf5 f6 43.f4 gxf4 44.g5 fxg5
45.Rxe5 dxe5 46.Rxd8 Bd7 47.Bf3 Kf6 48.Bg4 Ke7 49.Ra8 Bxg4 50.hxg4 Nxe4 51.Rxa6 Nd2
52.Kf2 Nxc4 53.Rg6 Nd6 54.Ke2 Ne4 55.Kf3 Kf7 56.Ra6 Nf6 57.Ra5 e4+ 58.Kg2 Kg6
59.Ra6 Kf7 60.Ra5 f3+ 61.Kf1 h3 62.Kg1 e3 63.Rxg5  0-1

[Event "Mediterranean Open"]
[Site "Rijeka CRO"]
[Date "2008.12.04"]
[Round "7"]
[White "Sachdev,T"]
[Black "Georgiadis,I"]
[Result "1/2-1/2"]
[WhiteElo "2425"]
[BlackElo "2364"]

1.d4 Nf6 2.c4 e6 3.Nc3 Bb4 4.Nf3 c5 5.g3 Nc6 6.Bg2 Ne4 7.Qd3 cxd4 8.Nxd4 Nxc3
9.bxc3 Ne5 10.Qc2 Be7 11.Qb3 a6 12.Bf4 Qc7 13.Nf3 f6 14.Nxe5 fxe5 15.Be3 Bc5
16.Bxc5 Qxc5 17.Qb4 Qxb4 18.cxb4 d6 19.O-O-O Ke7 20.Rd2 Rd8 21.Rhd1 Rb8 22.Kb2 b6
23.Be4 g6 24.e3 Bb7 25.Bxb7 Rxb7 26.f4 exf4 27.exf4 Rbd7 28.Re2 Kf6 29.Rde1 Re7
30.Rd1 Red7 31.Rde1 Re7 32.Rd1  1/2-1/2

[Event "TCh-SLO"]
[Site "Murska Sobota SLO"]
[Date "2008.12.06"]
[Round "1"]
[White "Lenic,L"]
[Black "Dizdar,G"]
[Result "1/2-1/2"]
[WhiteElo "2569"]
[BlackElo "2551"]

1.d4 Nf6 2.c4 e6 3.Nc3 Bb4 4.Nf3 d5 5.Qa4+ Nc6 6.e3 O-O 7.Bd2 dxc4 8.Bxc4 a6
9.Qc2 Bd6 10.Ne4 Nb4 11.Qb1 Nxe4 12.Qxe4 Bd7 13.Ne5 Bb5 14.a3 Bxc4 15.Nxc4 Nc6
16.O-O Qg5 17.Rac1 Rad8 18.Rfd1 Kh8 19.Bc3 f5 20.Qf3 f4 21.e4 e5 22.d5 Ne7
23.Nxd6 cxd6 24.Ba5 Rc8 25.Bb4 Qg6 26.Qd3 f3 27.g3 Qh6 28.Rxc8 Nxc8 29.h4 Nb6
30.Qd2 Qg6 31.Qg5 Qxe4 32.Bxd6 Re8 33.Qe3 Qf5 34.Bc5 e4 35.Kh2 Nxd5 36.Qg5 Qxg5
37.hxg5 Re5 38.Rd4 Kg8 39.Bd6 Rxg5 40.Rxe4 Nf6 41.Rg4 Rh5+ 42.Kg1 Rd5 43.Be7 Rd1+
44.Kh2 Rd2  1/2-1/2

[Event "FSIM December"]
[Site "Budapest HUN"]
[Date "2008.12.12"]
[Round "7"]
[White "Yatzenko,A"]
[Black "Karolyi,T jr"]
[Result "1-0"]
[WhiteElo "2267"]
[BlackElo "2363"]

1.d4 Nf6 2.c4 e6 3.Nc3 Bb4 4.Nf3 d5 5.Bg5 dxc4 6.e4 c5 7.e5 cxd4 8.Nxd4 Bxc3+
9.bxc3 Qa5 10.exf6 Qxg5 11.fxg7 Qxg7 12.Qd2 Bd7 13.Bxc4 O-O 14.O-O Nc6 15.Nf5 exf5
16.Qxd7 Ne5 17.Qb5 Nxc4 18.Qxc4 b6 19.Qd5 Qf6 20.Rad1 Rac8 21.Rd3 Rc5 22.Qd7 Ra5
23.a4 Qe6 24.Qd4 Qe5 25.Qh4 Kh8 26.f4 Qe6 27.Re1 Qc6 28.Rg3 Rd5 29.h3 Rg8
30.Rxg8+ Kxg8 31.Re3 Rd6 32.Kh2 Rg6 33.Qd8+ Kg7 34.Qd4+ Kh6 35.g4 fxg4 36.hxg4 Rxg4
37.Rh3+ Kg6 38.f5+ Kxf5 39.Rh5+ Rg5 40.Qd3+ Kg4 41.Rh4+  1-0

[Event "III Open"]
[Site "Palma de Mallorca ESP"]
[Date "2008.12.14"]
[Round "9"]
[White "Mascaro March,P"]
[Black "Tallo Dominguez,I"]
[Result "1-0"]
[WhiteElo "2354"]
[BlackElo "2125"]

1.d4 Nf6 2.c4 e6 3.Nc3 Bb4 4.Nf3 c5 5.g3 cxd4 6.Nxd4 Ne4 7.Qd3 Bxc3+ 8.bxc3 Nc5
9.Qe3 b6 10.Bg2 Bb7 11.Bxb7 Nxb7 12.Ba3 Nc5 13.Nb5 O-O 14.Bxc5 bxc5 15.Qxc5 Qa5
16.Qc7 Qa4 17.O-O d5 18.Rfd1 Na6 19.Qe5 Qxc4 20.a4 Qc6 21.e4 Rfd8 22.exd5 exd5
23.Nd4 Qd6 24.Qxd6 Rxd6 25.Nf5 Rf6 26.Ne7+ Kf8 27.Nxd5 Rd6 28.Ne3 Rxd1+ 29.Rxd1 Nc5
30.a5 Rc8 31.c4 Ke7 32.Kg2 g6 33.Kf3 Rc6 34.Rb1 Kf6 35.Ng4+ Kg7 36.Rb5 h5
37.Ne5 Rc7 38.Ke3 f6 39.Nd3 Re7+ 40.Kd2 Ne4+ 41.Kc2 Rc7 42.Rb4 Kh6 43.f3 Nd6
44.Kb3 Nb7  1-0

[Event "Masters"]
[Site "Berkeley USA"]
[Date "2008.12.15"]
[Round "2"]
[White "Kacheishvili,G"]
[Black "Rensch,D"]
[Result "1/2-1/2"]
[WhiteElo "2572"]
[BlackElo "2354"]

1.d4 Nf6 2.c4 e6 3.Nc3 Bb4 4.Nf3 b6 5.Bg5 Bb7 6.Bh4 h6 7.Qc2 g5 8.Bg3 d6
9.Nd2 Nbd7 10.f3 e5 11.a3 Bxc3 12.Qxc3 Qe7 13.e4 exd4 14.Qxd4 O-O-O 15.O-O-O Nc5
16.Bf2 Nfd7 17.Bd3 Nxd3+ 18.Qxd3 Qe6 19.h3 h5 20.Bd4 Rhf8 21.b3 g4 22.hxg4 hxg4
23.Rh5 Ne5 24.Qc2 Ng6 25.Nf1 Ne5 26.Rf5 gxf3 27.gxf3 Nxf3 28.Rxf3 Bxe4 29.Qf2 Bxf3
30.Qxf3 d5 31.Ne3 Qe4 32.Qh3+ f5 33.Nxd5 c6 34.Nc3 Qf4+ 35.Be3 Rxd1+ 36.Nxd1 Qe5
37.Qh6 Qf6 38.Qxf6 Rxf6 39.c5 f4 40.Bf2 Kb7 41.Kd2 Rf5 42.b4 Rd5+ 43.Kc2 Rh5
44.Nb2 Rh1 45.Nd3 Ra1 46.Kb2 Rd1 47.Kc2 Ra1 48.Kb3 f3 49.Bd4 Rh1 50.Kc2 Ka6
51.a4 Rh4 52.Kc3 Kb7 53.Nf2 a5 54.bxa5 bxc5 55.Bxc5 Rxa4 56.Bb6 Ka6 57.Kd3  1/2-1/2

[Event "15th Croatian Open A"]
[Site "Zadar CRO"]
[Date "2008.12.15"]
[Round "3"]
[White "Bilobrk,F"]
[Black "Brulic,D"]
[Result "1-0"]
[WhiteElo "2372"]
[BlackElo "2309"]

1.d4 Nf6 2.c4 e6 3.Nc3 Bb4 4.Nf3 b6 5.g3 Bb7 6.Bg2 O-O 7.O-O d6 8.Qc2 Nbd7
9.Rd1 Bxc3 10.Qxc3 Ne4 11.Qc2 f5 12.d5 a5 13.Nd4 Ndc5 14.dxe6 Qf6 15.f3 Ng5
16.Bxg5 Qxg5 17.f4 Qh5 18.Bxb7 Nxb7 19.e4 g6 20.exf5 gxf5 21.e7 Rf6 22.Nb5 Rc8
23.Re1 Qe8 24.Qg2 c6 25.Na7 Rc7 26.Nxc6 Nc5 27.Qd5+ Kg7 28.Nd4 Rxe7 29.Rxe7+ Qxe7
30.Nxf5+ Rxf5 31.Qxf5 Qe3+ 32.Kg2 Qe2+ 33.Kh3 h5 34.Qg5+ Kf8 35.f5 Ne4 36.Qh6+ Ke8
37.Qg6+ Kd7 38.f6 Nf2+ 39.Kh4 Qe6 40.f7 Qxc4+ 41.Kxh5 Qe2+ 42.g4 Qe5+ 43.Qf5+  1-0

[Event "FSIM December"]
[Site "Budapest HUN"]
[Date "2008.12.16"]
[Round "11"]
[White "Yatzenko,A"]
[Black "Stigar,P"]
[Result "1/2-1/2"]
[WhiteElo "2267"]
[BlackElo "2299"]

1.d4 Nf6 2.c4 e6 3.Nc3 Bb4 4.Nf3 c5 5.e3 b6 6.Bd3 Bb7 7.O-O O-O 8.a3 Bxc3
9.bxc3 Be4 10.Be2 Nc6 11.Ne5 d6 12.Nxc6 Bxc6 13.f3 e5 14.e4 h6 15.Be3 Qe7
16.Qc2 Rac8 17.d5 Bd7 18.Rf2 Nh5 19.Qd2 g5 20.g3 Kh7 21.Bd3 Rg8 22.Kh1 Rg7
23.Rg1 Kh8 24.Qd1 Nf6 25.h4 Nh7 26.Rh2 Qf6 27.hxg5 Nxg5 28.Rgg2 Rcg8 29.Be2 Qg6
30.g4 Rh7 31.Rh5 f6 32.Qc1 Kg7 33.Kg1 Kf7 34.Kf2 Ke7 35.Rgh2 Kd8 36.Qh1 Rgh8
37.Bd1 Kc7 38.R5h4 Be8 39.Bc2 Qg7 40.Bd1  1/2-1/2

[Event "CCF Christmas Int"]
[Site "Coulsdon ENG"]
[Date "2008.12.17"]
[Round "4"]
[White "Allicock,R"]
[Black "Madan,A"]
[Result "1-0"]
[WhiteElo "2300"]
[BlackElo "2409"]

1.d4 Nf6 2.c4 e6 3.Nc3 Bb4 4.Nf3 b6 5.Bg5 Bb7 6.e3 h6 7.Bh4 Bxc3+ 8.bxc3 d6
9.Nd2 Nbd7 10.f3 Qe7 11.Bd3 g5 12.Bf2 h5 13.a4 h4 14.h3 e5 15.Bf5 Nf8 16.a5 Bc8
17.Bxc8 Rxc8 18.axb6 axb6 19.Ra7 Ng6 20.Qc2 Qe6 21.O-O Nh5 22.Ne4 Qxc4 23.Nxg5 Ng7
24.f4 exd4 25.Qe4+ Kf8 26.f5 d5 27.Qb1 Ne5 28.f6 Nh5 29.Qf5 Re8 30.exd4 Qd3
31.Ne6+ fxe6 32.Qxe5 Rh7 33.Bxh4 Qe4 34.f7 Rc8 35.Be7+  1-0

[Event "8th Amplico AIG Life Rapid"]
[Site "Warsaw POL"]
[Date "2008.12.20"]
[Round "1"]
[White "Gustafsson,J"]
[Black "Wilczynski,A"]
[Result "1-0"]
[WhiteElo "2634"]
[BlackElo "1867"]

1.d4 Nf6 2.c4 e6 3.Nc3 Bb4 4.Nf3 c5 5.g3 cxd4 6.Nxd4 Nc6 7.Bg2 Qa5 8.O-O Bxc3
9.Nb3 Qb4 10.bxc3 Qxc3 11.Ba3 Qe5 12.Qd2 d5 13.Rac1 a5 14.f4 Qh5 15.f5 a4
16.Nd4 Bd7 17.Nb5 O-O-O 18.cxd5 exd5 19.Qf4  1-0

[Event "8th Amplico AIG Life Rapid"]
[Site "Warsaw POL"]
[Date "2008.12.20"]
[Round "4"]
[White "Lenic,L"]
[Black "Adamski,J"]
[Result "1/2-1/2"]
[WhiteElo "2569"]
[BlackElo "2307"]

1.d4 Nf6 2.c4 e6 3.Nf3 Bb4+ 4.Nc3 c5 5.g3 Ne4 6.Qd3 Qa5 7.Qxe4 Bxc3+ 8.Bd2 Bxd2+
9.Nxd2 Nc6 10.d5 Nd4 11.Bg2 d6 12.Qd3 e5 13.O-O O-O 14.e3 Nf5 15.a3 Bd7 16.Bh3 g6
17.Ne4 Qd8 18.Bg2 Qe7 19.b4 b6 20.Rab1 Rab8 21.bxc5 bxc5 22.Qc3 Ba4 23.Bh3 Ng7
24.Rb2 f5 25.Nd2 Rb6 26.Rxb6 axb6 27.Qb2 Qc7 28.Nb1 Bd7 29.f4 Re8 30.Nc3 Nh5
31.Bg2 Nf6 32.Bf3 exf4 33.exf4 Qd8 34.Qd2 Qe7 35.Kf2 Kf7 36.Rb1 Qd8 37.Re1 Rxe1
38.Kxe1 Qa8 39.Qb2 Qa6 40.Be2 Qa5 41.Kf1 h6 42.h3 Qa8 43.Bd3 Qe8 44.Kf2 Qa8
45.Nd1 Qd8  1/2-1/2

[Event "8th Amplico AIG Life Rapid"]
[Site "Warsaw POL"]
[Date "2008.12.20"]
[Round "5"]
[White "Dziuba,M"]
[Black "Leniart,A"]
[Result "1/2-1/2"]
[WhiteElo "2556"]
[BlackElo "2368"]

1.d4 Nf6 2.c4 e6 3.Nc3 Bb4 4.Nf3 O-O 5.g3 c5 6.Bg2 d6 7.O-O Bxc3 8.bxc3 Nbd7
9.Bf4 Qb6 10.dxc5 dxc5 11.Qd6 Qxd6 12.Bxd6 Re8 13.Ne5 Nxe5 14.Bxe5 Nd7 15.Bd6 e5
16.Bd5 Nf6 17.Bxc5 Nxd5 18.cxd5 Bd7 19.Rfc1 e4 20.a4 Rec8 21.Bd4 Rc4 22.a5 Bb5
23.Rab1 Ba6 24.Rd1 Rd8 25.Bxa7 Rxc3 26.Rd2 f5 27.d6 Kf7 28.Bb6 Rd7 29.Bc7 Ke6
30.h4 e3 31.fxe3 Rxe3 32.Kf2 Re4 33.Rb3 f4 34.g4 Rf7 35.Rdb2 Kd7 36.Rb4 Re3
37.R4b3 Re4 38.Rc3 Ke6 39.Bb8 Rf8 40.Ba7 Re8 41.Rd2 Rd8 42.Bc5 Bb5 43.Rb3 Bc6
44.Rb4 Re5 45.Rc2 Rf8 46.Rd4 Kd7 47.Rc3 h6 48.Bb4 Rfe8 49.Rc2 g5 50.h5 Re3
51.Rd3 R3e4 52.Bc5 Bb5 53.Rb3 Bc6 54.Rcb2 R8e5 55.Rxb7+ Bxb7 56.Rxb7+ Kc6
57.Rc7+ Kb5 58.d7 Rxe2+ 59.Kf3 Rd2 60.Bf2 Red5 61.a6 Rxd7 62.Rxd7 Rxd7 63.a7 Rd8
64.Bd4 Ka6 65.Bg7 Kxa7 66.Bxh6 Rd3+ 67.Ke4 Rg3 68.Kf5 f3 69.Bg7 Kb7 70.Bd4 Kc6
71.h6 Kd5 72.Ba7 Rh3 73.Kxg5 Ke4 74.Kg6 Kf4 75.g5 Kg4 76.Be3 Rh5 77.Kf6 Rxg5
78.h7 Rh5 79.Kg7  1/2-1/2

[Event "8th Amplico AIG Life Rapid"]
[Site "Warsaw POL"]
[Date "2008.12.21"]
[Round "11"]
[White "Gustafsson,J"]
[Black "Warszawski,B"]
[Result "1-0"]
[WhiteElo "2634"]
[BlackElo "2293"]

1.d4 Nf6 2.c4 e6 3.Nc3 Bb4 4.Nf3 c5 5.g3 cxd4 6.Nxd4 O-O 7.Bg2 Nc6 8.O-O d5
9.cxd5 exd5 10.Bg5 Bxc3 11.bxc3 Be6 12.Rb1 Na5 13.Rb5 b6 14.Bxf6 Qxf6 15.Bxd5 Bxd5
16.Rxd5 Rac8 17.Qd3 Rc7 18.Rd1 g6 19.Nb5 Rc4 20.Nd6 Ra4 21.Rd2 a6 22.Qxa6 Qxc3
23.Qxb6 Nc4 24.Nxc4 Rxc4 25.Kg2 Ra4 26.Qb3 Qxb3 27.axb3 Rb4 28.R2d3 Kg7 29.R5d4 Rb5
30.b4 Rfb8 31.Rb3 R8b7 32.Rf4 h5 33.Rc4 R7b6 34.Kf1 Rb8 35.h4 R8b7 36.e3 f6
37.Ke2 g5 38.Kd3 R7b6 39.Rb2 Kg6 40.Kc3 Rb8 41.Rc5 Rxc5+ 42.bxc5 Rc8 43.Kd4 Kf5
44.f3 Rd8+ 45.Kc4 g4 46.e4+ Ke5 47.fxg4 hxg4 48.c6 Kxe4 49.Kc5 Rd3 50.Rb4+ Kf3
51.c7  1-0

[Event "8th Amplico AIG Life Rapid"]
[Site "Warsaw POL"]
[Date "2008.12.21"]
[Round "12"]
[White "Nedilko,V"]
[Black "Szymanska,M"]
[Result "1-0"]
[WhiteElo "2408"]
[BlackElo "2220"]

1.d4 e6 2.c4 Nf6 3.Nf3 Bb4+ 4.Nc3 b6 5.Bg5 Bb7 6.Nd2 h6 7.Bh4 O-O 8.e4 g5
9.Bg3 Bxc3 10.bxc3 Nxe4 11.Nxe4 Bxe4 12.h4 Bg6 13.hxg5 hxg5 14.Qf3 Nc6 15.Bxc7 Qe7
16.Bd6 Nxd4 17.Bxe7 Nxf3+ 18.gxf3 Rfc8 19.Bf6 Bh7 20.Bd3  1-0

[Event "35th ch-IND w National A"]
[Site "New Delhi IND"]
[Date "2008.12.22"]
[Round "5"]
[White "Karavade,E"]
[Black "Amrutha,M"]
[Result "1/2-1/2"]
[WhiteElo "2386"]
[BlackElo "2163"]

1.d4 Nf6 2.c4 e6 3.Nc3 Bb4 4.Nf3 c5 5.g3 Nc6 6.Bg2 Ne4 7.Bd2 Bxc3 8.bxc3 O-O
9.O-O f5 10.Qc2 d6 11.Bf4 Qe7 12.Nd2 Nxc3 13.Qxc3 cxd4 14.Qa3 e5 15.Bd5+ Kh8
16.e3 exf4 17.exf4 Qc7 18.Nf3 Ne7 19.Nxd4 Nxd5 20.cxd5 Qc5 21.Qxc5 dxc5 22.Ne6  1/2-1/2

[Event "Masters"]
[Site "Berkeley USA"]
[Date "2008.12.23"]
[Round "10"]
[White "Sharavdorj,D"]
[Black "Friedel,J"]
[Result "1/2-1/2"]
[WhiteElo "2441"]
[BlackElo "2498"]

1.d4 Nf6 2.c4 e6 3.Nc3 Bb4 4.Nf3 c5 5.g3 cxd4 6.Nxd4 O-O 7.Bg2 d5 8.cxd5 Nxd5
9.Qb3 Qa5 10.Bd2 Nc6 11.Nxc6 bxc6 12.O-O Bxc3 13.bxc3 Ba6 14.Rfd1 Qc5 15.e4 Bc4
16.Qa4 Nb6 17.Qb4 Qh5 18.Be3 Be2 19.Rd2 Rab8 20.Bxb6 axb6 21.Qd6 Rfc8 22.h3 Bc4
23.Rad1 h6 24.Qb4 b5 25.a3 Ra8 26.Qe7 Qg5 27.Qd6 Bb3 28.h4 Qf6 29.e5 Qf5
30.Re1 Bd5 31.Qc5 Rcb8 32.Qd6 Rd8 33.Qe7 Re8 34.Qc5 Reb8 35.Qd6 Rd8 36.Qe7 Rf8
37.Qd6 Ra4 38.Rd4 Rfa8 39.Rxa4 Rxa4 40.Bxd5 cxd5 41.Re3 Kh7 42.Qe7 d4 43.cxd4 Rxd4
44.Kg2 Rd1 45.Qb4 Qb1  1/2-1/2

[Event "1st Asian Clubs"]
[Site "Al Ain UAE"]
[Date "2008.12.27"]
[Round "3"]
[White "Nguyen Ngoc Truong Son"]
[Black "Wang Hao"]
[Result "1/2-1/2"]
[WhiteElo "2567"]
[BlackElo "2696"]

1.d4 Nf6 2.c4 e6 3.Nc3 Bb4 4.Nf3 b6 5.Bg5 Bb7 6.Nd2 h6 7.Bh4 O-O 8.Qc2 Be7
9.e3 d6 10.f3 c5 11.Nb3 Nbd7 12.Be2 d5 13.O-O Rc8 14.dxc5 Nxc5 15.Rfd1 Ncd7
16.cxd5 Nxd5 17.Bxe7 Qxe7 18.Nxd5 Bxd5 19.Qd2 Rfd8 20.Nd4 Ne5 21.Rac1 Rxc1
22.Qxc1 Bb7 23.Nb5 Rxd1+ 24.Qxd1 Qg5 25.Kf2 Qh4+ 26.Kg1 Qg5 27.Kf2 Qh4+ 28.Kg1 Qg5
29.Kf2 Qh4+ 30.Kg1  1/2-1/2

[Event "Christmas Master Open"]
[Site "Zurich SUI"]
[Date "2008.12.27"]
[Round "3"]
[White "Bous,F"]
[Black "Kelecevic,N"]
[Result "0-1"]
[WhiteElo "2113"]
[BlackElo "2366"]

1.d4 Nf6 2.c4 e6 3.Nf3 Bb4+ 4.Nc3 b6 5.Bg5 Bb7 6.e3 h6 7.Bh4 g5 8.Bg3 Ne4
9.Qb3 Bxc3+ 10.bxc3 d6 11.Nd2 Nxd2 12.Kxd2 Nd7 13.f3 Qe7 14.Be2 f5 15.Rae1 O-O-O
16.Kc1 e5 17.Bd3 e4 18.fxe4 Bxe4 19.Bxe4 Qxe4 20.Rhf1 Rhf8 21.Qb5 Qxg2 22.a4 Qa2
23.Rf2 Qa3+ 24.Kc2 f4 25.exf4 gxf4 26.Bh4 Rde8 27.Rg1 Re3 28.Rg3 Qa1 29.Qa6+ Kb8
30.Qb5 Re1 31.c5 Qd1+  0-1

[Event "38th Rilton Cup 2008-9"]
[Site "Stockholm SWE"]
[Date "2008.12.28"]
[Round "2"]
[White "Tikkanen,H"]
[Black "Wojtaszek,R"]
[Result "0-1"]
[WhiteElo "2415"]
[BlackElo "2599"]

1.d4 Nf6 2.c4 e6 3.Nc3 Bb4 4.Nf3 b6 5.Bg5 h6 6.Bh4 g5 7.Bg3 Ne4 8.Qc2 Bb7
9.e3 Bxc3+ 10.bxc3 Nxg3 11.fxg3 g4 12.Ne5 h5 13.Bd3 Qg5 14.O-O f5 15.Bxf5 exf5
16.Rxf5 Qxe3+ 17.Rf2 Rf8 18.Qg6+ Kd8 19.Rf1 Kc8 20.Qd3 Rxf2 21.Rxf2 Qc1+
22.Rf1 Qa3 23.Qf5 Bc6 24.Qf8+ Qxf8 25.Rxf8+ Kb7 26.d5 Ba4 27.Rh8 Na6 28.Rxh5 Re8
29.Nxg4 Bd1 30.Rg5 Nc5 31.Re5 Rxe5 32.Nxe5 d6 33.Nf3 Ne4 34.g4 Be2 35.g5 Bxc4
36.h4 Bxa2 37.h5 Bb1 38.g4 a5 39.Nd2 Nxd2 40.g6 Nf3+  0-1

[Event "18th North American Open"]
[Site "Las Vegas USA"]
[Date "2008.12.29"]
[Round "7"]
[White "Lamby,P"]
[Black "Hess,Ro"]
[Result "0-1"]
[WhiteElo "2271"]
[BlackElo "2492"]

1.d4 Nf6 2.c4 e6 3.Nc3 Bb4 4.Nf3 c5 5.g3 cxd4 6.Nxd4 Ne4 7.Qd3 Bxc3+ 8.bxc3 Nc5
9.Qf3 O-O 10.Bg2 d6 11.O-O Bd7 12.Ba3 Nba6 13.Rfd1 Ba4 14.Nb3 Qc7 15.Rab1 Rad8
16.Rd4 b6 17.Bc1 Nd7 18.Rh4 Nac5 19.g4 Rfe8 20.Qh3 Nf8 21.Nd4 d5 22.cxd5 exd5
23.g5 Ne4 24.Bxe4 dxe4 25.Ba3 Ng6 26.Rxh7 Bd7 27.Qh5 Qf4 28.h3 e3 29.Rf1 Re5
30.Nf3 Bc6 31.Bc1 Bxf3  0-1

[Event "Open A"]
[Site "Gjovik NOR"]
[Date "2009.01.02"]
[Round "5"]
[White "Savchenko,Yuri RUS"]
[Black "Thingstad,E"]
[Result "1-0"]
[WhiteElo "2094"]
[BlackElo "2065"]

1.d4 Nf6 2.Nf3 e6 3.c4 Bb4+ 4.Nc3 O-O 5.Bg5 c5 6.d5 exd5 7.cxd5 d6 8.e4 Re8
9.Bd3 Bg4 10.O-O Nbd7 11.Qd2 h6 12.Bxf6 Qxf6 13.Ne1 a6 14.Nc2 Ba5 15.Ne3 Bh5
16.Nc4 Bxc3 17.Qxc3 Ne5 18.Nxe5 Qxe5 19.a4 Qf4 20.a5 Re5 21.Qc1 Qxc1 22.Rfxc1 g5
23.Ra3 Bg6 24.f3 Rd8 25.g4 Kg7 26.Rb3 Re7 27.Rb6 Rc7 28.b4 Rdd7 29.bxc5 Rxc5
30.Rxc5 dxc5 31.Kf2 Kf8 32.Ke3 Ke7 33.Bc2 Kd8 34.Ba4 Re7 35.Kd3 Kc8 36.Kc4 Kb8
37.Kxc5 Rc7+ 38.Kd4 Kc8 39.d6 Rc1 40.d7+ Kc7 41.Rxb7+  1-0

[Event "38th Rilton Cup 2008-9"]
[Site "Stockholm SWE"]
[Date "2009.01.04"]
[Round "8"]
[White "Tikkanen,H"]
[Black "Cramling,P"]
[Result "0-1"]
[WhiteElo "2415"]
[BlackElo "2550"]

1.d4 Nf6 2.c4 e6 3.Nc3 Bb4 4.Nf3 b6 5.Bg5 Bb7 6.e3 h6 7.Bh4 Bxc3+ 8.bxc3 d6
9.Bd3 Nbd7 10.O-O Qe7 11.Nd2 g5 12.Bg3 c5 13.a4 a5 14.Rb1 h5 15.h4 Rg8 16.f3 O-O-O
17.hxg5 Rxg5 18.Bh4 Rg7 19.Ne4 Rdg8 20.Rb2 Bxe4 21.Bxe4 Qd8 22.Bc6 Qc7 23.d5 Kb8
24.Rff2 Ka7 25.Rb5 Rg6 26.Rfb2 Rb8 27.f4 Rg4 28.Bxf6 Nxf6 29.Qb1 h4 30.Kf2 Rg3
31.Ke2 Rxg2+ 32.Kd3 Rg3 33.Qh1 h3 34.Qe1 Nh5 35.Kc2 f6 36.Kb1 e5 37.Ka2 Qh7
38.e4 exf4 39.Rxa5+ bxa5 40.Rxb8 Kxb8 41.Qb1+ Ka7  0-1

[Event "Queenstown Classic"]
[Site "Queenstown NZL"]
[Date "2009.01.17"]
[Round "3"]
[White "Wells,P"]
[Black "Cooper,L"]
[Result "1/2-1/2"]
[WhiteElo "2513"]
[BlackElo "2313"]

1.d4 Nf6 2.c4 e6 3.Nc3 Bb4 4.Nf3 c5 5.g3 d5 6.Bg2 dxc4 7.O-O O-O 8.dxc5 Bxc3
9.bxc3 Qxd1 10.Rxd1 Ne4 11.Bb2 Nxc5 12.Ba3 Nba6 13.Ne5 Rb8 14.Rab1 b6 15.Rd4 f6
16.Nc6 Rb7 17.Nb4 Rc7 18.Nxa6 Bxa6 19.Bxc5 Rxc5 20.Rd7 Rf7 21.Rd8+ Rf8 22.Rd7 Rf7
23.Rd8+ Rf8 24.Rd7  1/2-1/2

[Event "4NCL 2008-9"]
[Site "Sunningdale ENG"]
[Date "2009.01.18"]
[Round "6"]
[White "Ward,C"]
[Black "Buckley,D"]
[Result "0-1"]
[WhiteElo "2426"]
[BlackElo "2245"]

1.d4 Nf6 2.c4 e6 3.Nc3 Bb4 4.Nf3 c5 5.g3 Ne4 6.Qd3 Qa5 7.Qxe4 Bxc3+ 8.Bd2 Bxd2+
9.Nxd2 Nc6 10.d5 Nd4 11.Kd1 d6 12.e3 Nf5 13.Bd3 e5 14.f4 Nh6 15.Qg2 f5 16.h3 Bd7
17.Kc2 O-O-O 18.a3 Rde8 19.Rhb1 Qb6 20.Nf1 a5 21.b4 e4 22.Be2 cxb4 23.axb4 axb4
24.Bh5 g6 25.Qd2 gxh5 26.Rxb4 Qc5 27.Qc3 Rhg8 28.Qb3 b5 29.Kd2 Kd8 30.cxb5 h4
31.gxh4 Rg2+ 32.Ke1 Ke7 33.b6 Ra8 34.Rd1 Raa2 35.Rd2 Qc1+ 36.Qd1 Raxd2  0-1

[Event "LIX Verano Open"]
[Site "Villa Ballester ARG"]
[Date "2009.01.20"]
[Round "2"]
[White "Sambuco Salomone,L"]
[Black "Mareco,S"]
[Result "0-1"]
[WhiteElo "2000"]
[BlackElo "2503"]

1.d4 Nf6 2.c4 e6 3.Nc3 Bb4 4.Nf3 c5 5.g3 cxd4 6.Nxd4 O-O 7.Bg2 d5 8.cxd5 Nxd5
9.Qb3 Bc5 10.Bxd5 exd5 11.Be3 Bxd4 12.Bxd4 Nc6 13.Bc5 d4 14.Bxf8 dxc3 15.Bxg7 Qd2+
16.Kf1 Bh3+ 17.Kg1 c2 18.Bh6 Nd4 19.f3 Qxe2  0-1

[Event "XXXIV Open"]
[Site "Seville ESP"]
[Date "2009.01.24"]
[Round "2"]
[White "Ivanov,Jo"]
[Black "Gomez Feria,J"]
[Result "1-0"]
[WhiteElo "2436"]
[BlackElo "1965"]

1.d4 Nf6 2.c4 e6 3.Nc3 Bb4 4.Nf3 c5 5.g3 Nc6 6.Bg2 cxd4 7.Nxd4 O-O 8.O-O a6
9.e4 Bxc3 10.bxc3 Qa5 11.Qb3 Ne5 12.Ba3 Re8 13.Bd6 h6 14.f4 Nc6 15.e5 Nh7
16.Qc2 f5 17.c5 Nf8 18.Qb3 Ng6 19.Nxf5 Qb5 20.Ne3 Na5 21.Qc2 Ne7 22.Rab1 Nc4
23.Nxc4 Qxc4 24.Rb4  1-0